| 000 | 00676nam a2200265Ia 4500 | ||
|---|---|---|---|
| 005 | 20251020182445.0 | ||
| 008 | 200515s9999 xx 000 0 und d | ||
| 082 | _a54/P93 | ||
| 100 | _aPuig, Ignacio | ||
| 245 | 0 | _aCurso General de Química | |
| 250 | _a16 ed. | ||
| 260 | _aMéxico, D.F. | ||
| 260 | _bMARIN, S.A. | ||
| 260 | _c1969 | ||
| 300 | _a918 p. | ||
| 300 | _bil., tbl., graf. | ||
| 500 | _a1 ejemplar | ||
| 520 | _aTemas generales de la Química y los avances científicos que se dan en ella. | ||
| 650 | _aELEMENTOS QUIMICOS | ||
| 650 | _aQUIMICA | ||
| 650 | _aQUIMICA INORGANICA | ||
| 650 | _aQUIMICA INORGANICA | ||
| 942 | _cLIB | ||
| 999 |
_c674 _d674 |
||